000 00264nam a2200109Ia 4500
008 190906s9999||||xx |||||||||||||| ||und||
100 _a Coles and Gibson
245 0 _aShakespeare Measure For Measure
260 _aUK
_bCambridge
_c1993
300 _a188
942 _cBK
999 _c6023
_d6023